|
|
|
|
| LEADER |
01002nam a2200301 a 4500 |
| 001 |
001425175 |
| 003 |
CZ BrMZK |
| 005 |
20141010153606.0 |
| 007 |
ta |
| 008 |
141003s2014 xxka f 001 0 eng |
| 020 |
|
|
|z 978-1-84265-8
|q (váz.)
|
| 040 |
|
|
|a BOA001
|b cze
|
| 072 |
|
7 |
|a 544
|x Fyzikální chemie
|2 Konspekt
|9 10
|
| 080 |
|
|
|a 544
|2 MRF
|
| 080 |
|
|
|a (076.5)
|2 MRF
|
| 080 |
|
|
|a (035)
|2 MRF
|
| 100 |
1 |
|
|a Sinha, Shailendra K.
|7 mzk2014842489
|4 aut
|
| 245 |
1 |
0 |
|a Physical chemistry :
|b a laboratory manual /
|c Shailendra K. Sinha
|
| 260 |
|
|
|a Oxford :
|b Alpha Science International,
|c c2014
|
| 300 |
|
|
|a xviii, [314] s. :
|b il. ;
|c 25 cm
|
| 500 |
|
|
|a Obsahuje rejstřík
|
| 650 |
0 |
7 |
|a fyzikální chemie
|7 ph114602
|2 czenas
|
| 655 |
|
7 |
|a laboratorní cvičení
|7 fd163936
|2 czenas
|
| 655 |
|
7 |
|a příručky
|7 fd133209
|2 czenas
|
| 910 |
|
|
|a BOA001
|b 2-1332.574
|
| 990 |
|
|
|a BK
|
| 991 |
|
|
|b 201410
|c NOV
|e n
|
| 996 |
6 |
|
|b 2610606172
|c 2-1332.574
|l MZK
|r STM 6p
|n 0
|p kup
|h 544 SIN
|w 001460573
|u 000010
|a 0
|e BOA001
|j MZK50
|s P
|